000 00986nam a2200253 a 4500
001 79361
003 BD-RjUL
005 20220210131320.0
008 220210s2018 bg ||||| |||| 00| 0 ben d
020 _a9847000003362
_c:Tk.280.00
035 _a(BD-RjUL)79361
040 _aBD-RjUL
_beng
_cBD-RjUL
041 _aben
082 _223
_a170
_bNUP 2018
100 _aনূরুজ্জামান, মো.
_91273
245 1 0 _aপ্রযুক্তির নীতিবিদ্যা /
_cমো. নূরুজ্জামান
260 _aঢাকা :
_bজাতীয় সাহিত্য প্রকাশ,
_c২০১৮
300 _a১৬৬ পৃ.;
_c২২ সেমি.
650 _aপ্রযুক্তি
_xনৈতিক এবং নৈতিক দিক
_91274
650 _aTechnology
_xMoral and ethical aspects
_91275
650 _aনৈতিকতা, আধুনিক
_91276
650 _aEthics, Modern
_91277
942 _2ddc
_cBK
999 _c79361
_d79361